Kampus Główny Politechniki Wrocławskiej – Quiz na mapie - Statystyki

Ogólne statystyki
  • Ten quiz został rozwiązany 69 razy
  • Średni wynik to 9 z 65
Odpowiedzi na mapie
Odpowiedzi zakodowano w zielono-czerwonej skali na mapie do tego quizu, zgodnie z poniższymi procentami.
 
Statystyki odpowiedzi
Odpowiedź % Poprawnych
A-1
57%
Stacja "Polinka" 1
55%
Stacja "Polinka" 2
52%
C-13
48%
D-2
38%
D-1
33%
C-4
29%
D-20
29%
A-2
26%
C-3
26%
B-1
24%
C-7
24%
D-21
24%
L-1
24%
A-3
21%
C-1
21%
C-16
21%
C-5
21%
H-4
21%
A-4
19%
C-2
19%
D-8
19%
C-6
17%
D-8a
17%
GEO-3EM
17%
B-4
14%
B-5
14%
C-11
14%
C-18
14%
C-8
14%
D-3
14%
B-9
12%
A-10
10%
A-5
10%
H-14
10%
B-2
7%
B-6
7%
B-8
7%
H-3
7%
H-6
7%
H-9
7%
T-7
7%
A-11
5%
A-12
5%
A-13
5%
B-11
5%
H-12
5%
H-13
5%
H-5
5%
H-8
5%
A-55
2%
A-6
2%
A-7
2%
A-9
2%
B-3
2%
B-50
2%
C-15
2%
A-8
0%
B-12
0%
B-13
0%
B-51
0%
B-7
0%
C-14
0%
H-10
0%
H-7
0%
Nie znaleziono quizów pasujących do podanych kryteriów
Rozkład punktacji
Procent ludzi z każdym wynikiem
Percentyl według liczby udzielonych odpowiedzi
Twoja historia wyników
Nie rozwiązałeś tego quizu